| 000 | 01165nam a22001697a 4500 | ||
|---|---|---|---|
| 008 | 120627t xxu||||| |||| 00| 0 eng d | ||
| 020 | _a9781423901358 | ||
| 050 | _aQA76.73.J38.M112 | ||
| 100 | _aMalik D.S. | ||
| 245 |
_aJava programming: from problem analysis to program design. / _c D.S Malik |
||
| 250 | _a3rd ed. | ||
| 260 |
_aAustralia: _bThomson; _c2008. |
||
| 300 |
_axxii, 1055 p.: _bill.; _c26cm. |
||
| 500 | _aIncludes index. | ||
| 505 | _aContents: An Overview of computers and programming languages -- Basic elements java -- Introduction to objects and input/ output -- Control structures I: selection -- Control structures II: Repetition -- Graphical user interface (GUL) and object- oriented design (OOD) -- User-defined methods -- User- defined classes and ADTs -- Arrays -- Applications of arrays (searching and sorting ) and strings -- Inheritance and polymorphism -- Handing exceptions and events -- Advanced GUIs and graphics -- Recursion -- Appendix A: Java reserved word -- Appendix B: Operator precedence -- Appendix C: Character sets -- Appendix D: Additional Java topics -- Appendix E: Answers to odd-numbered exercises. | ||
| 942 |
_2lcc _cBK |
||
| 999 |
_c1584 _d9084 |
||